Normal view
MARC view
- Industrial marketing
Entry Topical Term
001 - CONTROL NUMBER
- control field: 39991
003 - CONTROL NUMBER IDENTIFIER
- control field: OSt
005 - DATE AND TIME OF LATEST TRANSACTION
- control field: 20160516150150.0
008 - FIXED-LENGTH DATA ELEMENTS
- fixed length control field: 160516|| aca||babn | a|a d
040 ## - CATALOGING SOURCE
- Original cataloging agency: OSt
150 ## - HEADING--TOPICAL TERM
- Topical term or geographic name as entry element: Industrial marketing
450 ## - SEE FROM TRACING--TOPICAL TERM
- Topical term or geographic name entry element: B2B marketing (Business to business marketing)
450 ## - SEE FROM TRACING--TOPICAL TERM
- Topical term or geographic name entry element: Business to business marketing
450 ## - SEE FROM TRACING--TOPICAL TERM
- Topical term or geographic name entry element: Business-to-business selling
450 ## - SEE FROM TRACING--TOPICAL TERM
- Topical term or geographic name entry element: Industrial equipment
- General subdivision: Marketing
550 ## - SEE ALSO FROM TRACING--TOPICAL TERM
- Topical term or geographic name entry element: Marketing